| 000 | 00534cam a22001457a 4500 | ||
|---|---|---|---|
| 999 |
_c508728 _d508728 |
||
| 008 | 180718b xxu||||| |||| 00| 0 eng d | ||
| 082 | _aT000x5422 3D | ||
| 100 |
_aMadhya Pradesh. Planning Department _94199 |
||
| 245 |
_aThird Five year plan, Madhya Pradesh, 1961-62 to 1965-66 _cby Planning Department, Madhya Pradesh |
||
| 260 |
_aBhopal _bGovernment Central Press _c1960 |
||
| 300 | _a362p. | ||
| 500 | _aContents: Library has 1-2, 3 (draft), 4 (mid term), 5 (draft), 7, 8 (draft) | ||
| 500 | _aPart I: A draft outline | ||
| 942 | _2ddc | ||